Countries with the Most Chevrolet Car Sales - Statistics

General Stats
  • This quiz has been taken 110 times
  • The average score is 10 of 13
Answer Stats
Country % Correct
United States
100%
Brazil
96%
Canada
96%
Mexico
96%
Argentina
91%
China
87%
India
86%
Chile
82%
Russia
78%
Colombia
77%
South Korea
67%
Kazakhstan
16%
Uzbekistan
10%
No matching quizzes found
Score Distribution
Percent of People with Each Score
Percentile by Number Answered
Your Score History
You have not taken this quiz